Movies Quiz

Random Movies or Clickable Quiz

MCU Movies Starring: Samuel L. Jackson Quiz Stats

 Plays Quiz not verified by Sporcle

Score 0/9 Timer 03:00
0 Plays Today
% Correct
The Avengers
95.5%
Captain Marvel
93.2%
Captain America: The Winter Soldier
91.7%
Avengers: Infinity War
91.7%
Iron Man
90.9%
Iron Man 2
90.2%
Avengers: Age of Ultron
86.4%
Captain America: The First Avenger
85.6%
Thor
41.7%

You're not logged in!

Compare scores with friends on all Sporcle quizzes.
OR
Log In

Show Comments

Extras

Top Quizzes Today


Score Distribution

Your Account Isn't Verified!

In order to create a playlist on Sporcle, you need to verify the email address you used during registration. Go to your Sporcle Settings to finish the process.

Report this User

Report this user for behavior that violates our Community Guidelines.

Details: